00931cam a22002537a 4500003000500000005001700005008004100022010001000063011001000073035001000083040000900093100003200102245014600134260004100280300001900321502013000340530003600470650001700506650001300523650003100536700003100567856006300598856001600661CHAP20220329142831.0040609s2003 mx b r 00010 spa d a88457 a89429 a99980 cCHAP00aAcosta Garcia, Fidel Angel.10aEstrategias para el combate de la pobreza en México;bestudio de caso FONAESc/por Fidel Ángel Acosta García y Juan Luis Díaz López aChapingo, Méx. :bEl autor,c2003. a106 h. :bmapa aTesis (Lic. en Comercio Internacional de Productos Agropecuarios) -- UACH. División de Ciencias Económico Administrativas aTambién disponible en línea14aInversiones.14aPobreza.14aProyectosxFinanciamiento.0 aDíaz López, Juan Luis. 3Finding aiduhttp://10.13.5.2/tesis/99980.pdfzTeclea aqui a1 n0000028